Исследование процесса термографической записи в неорганических материалах; Материалы Менделеевской межвузовской конференции (Томск, 21-22 февраля 1984)

Xehetasun bibliografikoak
Parent link:Материалы Менделеевской межвузовской конференции (Томск, 21-22 февраля 1984).— 1984.— С. 26-27
Beste egile batzuk: Устинова Л. Н. Людмила Николаевна, Шустов М. А. Михаил Анатольевич, Суровой Э. П. Эдуард Павлович, Кравцов А. В. Анатолий Васильевич
Gaia:Деп. в ОНИИТЭХим, г. Черкассы, 18.09.84, № 919-ХП-84.
В фонде НТБ ТПУ отсутствует
Hizkuntza:errusiera
Argitaratua: 1984
Gaiak:
Formatua: MixedMaterials Liburu kapitulua
KOHA link:https://koha.lib.tpu.ru/cgi-bin/koha/opac-detail.pl?biblionumber=594426

MARC

LEADER 00000naa0a2200000 4500
001 594426
005 20250206120916.0
029 0 0 |a SU  |b 919-ХП-84  |f ОНИИТЭХим 
035 |a (RuTPU)RU\TPU\tpu\9573 
035 |a RU\TPU\tpu\9566 
090 |a 594426 
100 |a 20021002d1984 k||y0rusy50 ca 
101 0 |a rus 
102 |a RU 
200 1 |a Исследование процесса термографической записи в неорганических материалах  |f Л. Н. Устинова [и др.] 
300 |a Деп. в ОНИИТЭХим, г. Черкассы, 18.09.84, № 919-ХП-84. 
333 |a В фонде НТБ ТПУ отсутствует 
463 |t Материалы Менделеевской межвузовской конференции (Томск, 21-22 февраля 1984)  |v С. 26-27  |d 1984 
610 1 |a труды учёных ТПУ 
610 1 |a депонированные рукописи 
701 1 |a Устинова  |b Л. Н.  |c ХТФ  |f 1956-  |g Людмила Николаевна  |3 (RuTPU)RU\TPU\pers\4038 
701 1 |a Шустов  |b М. А.  |c специалист в области электротехники  |c профессор Томского политехнического университета, доктор технических наук  |f 1952-  |g Михаил Анатольевич  |3 (RuTPU)RU\TPU\pers\30571  |4 070 
701 1 |a Суровой  |b Э. П.  |c кандидат химических наук  |c ХТФ  |f 1948-  |g Эдуард Павлович  |3 (RuTPU)RU\TPU\pers\3624 
701 1 |a Кравцов  |b А. В.  |c химик-технолог  |c профессор-консультант Томского политехнического университета, доктор технических наук  |f 1938-  |g Анатолий Васильевич  |3 (RuTPU)RU\TPU\pers\19827  |4 070 
801 2 |a RU  |b 63413507  |c 20130910  |g PSBO 
942 |c BK